000
00241nam a22000977a 4500
003
OSt
008
210113b ||||| |||| 00| 0 eng d
100
_a
Madhavan, Vallachira
_9
4838
245
_a
Alppam munthiricharum kure mizhineerum
942
_c
BK
999
_c
16454
_d
16454